Virus, ze kterého šílíme

Saved in:
Bibliographic Details
Main Author Lévy, Bernard-Henri, 1948- (Author)
Other Authors Vymazalová, Jana (Translator)
Format Book
LanguageCzech
Published Praha : Kalich, 2020
EditionPrvní vydání
Subjects
ISBN978-80-7017-286-5
Physical Description90 stran ; 20 cm

Cover

LEADER 00000nam a2200000 i 4500
001 103855
003 CZ-ZlUTB
005 20211005100616.0
007 ta
008 201123s2020 xr e 000 e cze d
952 |0 0  |1 0  |4 0  |6 3166LÉVYBH  |7 0  |8 BOOK  |9 164582  |a UTBZL  |b UTBZL  |c 006  |d 2021-09-06  |l 2  |m 1  |o 316.6/LÉVY,B.-H.  |p 420010188100  |r 2022-03-25 00:00:00  |s 2022-02-17  |v 169.00  |w 2021-09-06  |x N:nákup;   |y 04 
999 |c 103855  |d 103855 
015 |a cnb003275021 
020 |a 978-80-7017-286-5  |q (brožováno) 
040 |a KLG001  |b cze  |d BOA001  |e rda 
041 1 |a cze  |h fre 
045 |a y2y2 
072 7 |a 316.4/.7  |x Sociální interakce. Sociální komunikace  |2 Konspekt  |9 18 
080 |a 616.921.5  |2 MRF 
080 |a 616-036.21  |2 MRF 
080 |a 304  |2 MRF 
080 |a 159.942  |2 MRF 
080 |a 316.774:316.3  |2 MRF 
080 |a (0:82-4)  |2 MRF 
100 1 |a Lévy, Bernard-Henri,  |d 1948-  |7 skuk0003718  |4 aut 
240 1 0 |a Ce virus qui rend fou.  |l Česky 
245 1 0 |a Virus, ze kterého šílíme /  |c Bernard-Henri Lévy ; z francouzského originálu Ce virus qui rend fou přeložila Jana Vymazalová 
250 |a První vydání 
264 1 |a Praha :  |b Kalich,  |c 2020 
300 |a 90 stran ;  |c 20 cm 
336 |a text  |b txt  |2 rdacontent 
337 |a bez média  |b n  |2 rdamedia 
338 |a svazek  |b nc  |2 rdacarrier 
648 7 |a 2020  |7 ch1076231  |2 czenas 
650 0 7 |a Covid-19  |7 ph1075649  |2 czenas 
650 0 7 |a pandemie  |7 ph330262  |x sociální aspekty  |y 2020  |2 czenas 
650 0 7 |a strach  |7 ph117268  |2 czenas 
650 0 7 |a masmédia a společnost  |7 ph551078  |2 czenas 
650 0 9 |a Covid-19 (disease)  |2 eczenas 
650 0 9 |a pandemy  |x social aspects  |y 2020  |2 eczenas 
650 0 9 |a fear  |2 eczenas 
650 0 9 |a mass media and society  |2 eczenas 
655 7 |a eseje  |7 fd132213  |2 czenas 
655 9 |a essays  |2 eczenas 
700 1 |a Vymazalová, Jana  |7 xx0077015  |4 trl 
910 |a ZLD002 
942 |2 udc 
992 |a BK  |b SK